Australian National Anthem - Statistics

General Stats
  • This quiz has been taken 66 times
  • The average score is 57 of 108
Answer Stats
Answer % Correct
Australians
100%
are
98%
for
98%
we
98%
all
95%
let
95%
rejoice
95%
us
95%
and
90%
free
90%
and
80%
soil
80%
golden
75%
toil
73%
wealth
73%
for
70%
is
70%
our
70%
by
68%
girt
68%
home
68%
In
68%
one
68%
sea
68%
Advance
65%
Australia
65%
beauty
65%
Fair
65%
history's
65%
let
65%
page
65%
rich
65%
With
65%
every
63%
gifts
63%
in
63%
land
63%
natures
63%
Our
63%
rare
63%
stage
63%
and
60%
In
58%
of
58%
abounds
55%
Advance
55%
Australia
55%
Fair
55%
let
55%
us
55%
Beneath
53%
Cross
53%
joyful
53%
radiant
53%
sing
53%
Southern
53%
our
50%
strains
50%
and
45%
hands
45%
hearts
45%
toil
45%
We'll
45%
with
45%
then
43%
all
40%
commonwealth
40%
lands
40%
make
40%
of
40%
of
40%
ours
40%
renowned
40%
the
40%
this
40%
For
38%
those
38%
To
38%
who've
38%
across
35%
boundless
35%
come
35%
plains
35%
seas
35%
share
35%
the
35%
to
35%
We've
35%
Advance
33%
advance
33%
all
33%
Australia
33%
Australia
33%
combine
33%
courage
33%
Fair
33%
fair
33%
let
33%
us
33%
With
33%
In
30%
to
30%
joyful
28%
let
28%
sing
28%
strains
28%
us
28%
then
25%
No matching quizzes found
Score Distribution
Percent of People with Each Score
Percentile by Number Answered
Your Score History
You have not taken this quiz